000 00690cam a2200217 4500
999 _c63262
_d63262
005 20190611135907.0
008 190611b mx ||||| |||| 00| 0 spa d
020 _a9789681868604 (Rústica)
050 0 4 _aHV6074
_bT78 2007
100 1 _aTrujillo Arriaga, Salvador Tomás,
_eautor
245 1 3 _aEl estudio científico de la dactiloscopia
_c/ Salvador Tomás Trujillo Arriaga.
250 _a2a ed.
260 _aMéxico :
_bLimusa,
_cc2007
300 _a416 p. :
_bil. ;
_c26 cm.
504 _aIncluye bibliografia p. 413-416
650 7 _2lemb
_aDactiloscopia
650 7 _2lemb
_aHuellas de ADN
650 7 _2lemb
_aInvestigación criminal
942 _2lcc
_cLIB